Fluorodeoxyglucose positron emission tomography in multiple myeloma, solitary plasmocytoma and monoclonal gammapathy of unknown significance

Bibliographic Details
Main Authors: Neubauer, J. (Author), Prasek, J. (Author), Stanicek, J. (Author), Vorlicek, J. (Author), Bolcak, K. (Author), Pour, L. (Author), Krejci, M. (Author), Hajek, R. (Author), Büchler, Tomáš, 1974- (Author), Adam, Z. (Author)
Format: Article
Language:English

MARC

LEADER 00000nab a2200000ua 4500
001 vtls010828725
003 SK-MaSNL
005 20260305015916.0
008 230222s2007 xo |||||||||||||||||eng|
035 |a (urnnbn)urn:nbn:sk:snk:ar-a06etw 
035 |a urn:nbn:sk:snk-ab5u8x 
035 |a (uuid)6b657a86-53b4-4ed0-b0ca-16f22b34a862 
040 |a SNKBUCL  |b slo  |c SNKBUCL  |e AACR2 
041 0 |a eng 
044 |a xo  |c SK 
100 1 |a Neubauer, J.  |4 aut  |9 875953 
245 1 0 |a Fluorodeoxyglucose positron emission tomography in multiple myeloma, solitary plasmocytoma and monoclonal gammapathy of unknown significance  |c J. Neubauer, J. Prasek, J. Stanicek, J. Vorlicek, K. Bolcak, L. Pour, M. Krejci, R. Hajek, T. Buchler, Z. Adam 
700 1 |a Prasek, J.  |4 aut  |9 1133542 
700 1 |a Stanicek, J.  |4 aut  |9 632501 
700 1 |a Vorlicek, J.  |4 aut  |9 1159622 
700 1 |a Bolcak, K.  |4 aut  |9 1133506 
700 1 |a Pour, L.  |4 aut  |9 792755 
700 1 |a Krejci, M.  |4 aut  |9 377153 
700 1 |a Hajek, R.  |4 aut  |9 792768 
700 1 |a Büchler, Tomáš,  |d 1974-  |4 aut  |9 177843 
700 1 |a Adam, Z.  |4 aut  |9 792777 
773 0 |t Neoplasma : journal of experimental and clinical oncology  |g Roč. 54, č. 6 (2007), s. 536-540 
958 |a OND 
958 |a EUIPO 
958 |a article5 
999 |c 3277813  |d 3279743